| 000 | 00395nam a22001457a 4500 | ||
|---|---|---|---|
| 020 | _a969-35-1056-9 | ||
| 040 | _cNUST | ||
| 082 | _a891.4393,BAN | ||
| 100 | _aBano Qudsia | ||
| 245 |
_aAasay Paasay / آسے پاسے (Urdu) / _cBano Qudsia |
||
| 260 |
_aLahore _bSang-e-Meel Pub _c2009 |
||
| 300 | _a296 | ||
| 650 |
_aUrdu Literature _xPunjabi Damay _9110288 |
||
| 942 |
_2ddc _cBK _k891.4393,BAN |
||
| 999 |
_c593728 _d593728 |
||